书目信息 |
| 题名: |
高层建筑结构
|
|
| 作者: | 刘立平 主编 | |
| 分册: | ||
| 出版信息: | 武汉 武汉理工大学出版社 2024.12 |
|
| 页数: | 256页 | |
| 开本: | 26cm | |
| 丛书名: | ||
| 单 册: | ||
| 中图分类: | TU973 | |
| 科图分类: | ||
| 主题词: | 高层建筑--gao ceng jian zhu--建筑结构--高等教育--教材 | |
| 电子资源: | ||
| ISBN: | 978-7-5629-7215-0 | |
| 000 | 01029nam0 2200265 450 | |
| 001 | 95116 | |
| 005 | 20250901192812.08 | |
| 010 | @a978-7-5629-7215-0@dCNY45.00 | |
| 100 | @a20250110d2024 em y0chiy50 ea | |
| 101 | 0 | @achi |
| 102 | @aCN@b420000 | |
| 105 | @aa a 000yy | |
| 106 | @ar | |
| 200 | 1 | @a高层建筑结构@Agao ceng jian zhu jie gou@f主编刘立平 |
| 205 | @a第2版 | |
| 210 | @a武汉@c武汉理工大学出版社@d2024.12 | |
| 215 | @a256页@c图@d26cm | |
| 320 | @a有书目 | |
| 330 | @a本书共11章, 分别为绪论, 高层建筑结构体系与结构布置, 高层建筑结构荷载作用及效应组合, 高层建筑结构的计算分析与设计要求, 钢筋混凝土框架结构设计, 钢筋混凝土剪力墙结构设计、框架-剪力墙结构设计, 筒体结构设计, 复杂高层建筑结构设计, 钢与钢筋混凝土混合结构设计, 高层建筑钢结构设计。 | |
| 333 | @a普通高等教育土木工程专业“十四五”规划教材 | |
| 606 | 0 | @a高层建筑@Agao ceng jian zhu@x建筑结构@x高等教育@j教材 |
| 690 | @aTU973@v5 | |
| 701 | 0 | @a刘立平@Aliu li ping@4主编 |
| 801 | 0 | @aCN@c20250909 |
| 905 | @a河南城建学院图书馆@dTU973@eL640=2@f1 | |
| 高层建筑结构/主编刘立平.-第2版.-武汉:武汉理工大学出版社,2024.12 |
| 256页:图;26cm |
| 使用对象:普通高等教育土木工程专业“十四五”规划教材 |
| ISBN 978-7-5629-7215-0:CNY45.00 |
| 本书共11章, 分别为绪论, 高层建筑结构体系与结构布置, 高层建筑结构荷载作用及效应组合, 高层建筑结构的计算分析与设计要求, 钢筋混凝土框架结构设计, 钢筋混凝土剪力墙结构设计、框架-剪力墙结构设计, 筒体结构设计, 复杂高层建筑结构设计, 钢与钢筋混凝土混合结构设计, 高层建筑钢结构设计。 |
| ● |
| 相关链接 |
|
|
|
正题名:高层建筑结构
索取号:TU973/L640=2
 
预约/预借
| 序号 | 登录号 | 条形码 | 馆藏地/架位号 | 状态 | 备注 |
| 1 | 1629174 | 216291741 | 建筑库201/201建筑库 87排1列5层/ [索取号:TU973/L640=2] | 在馆 |